Top 5 Best NFL teams of the 70's - Statistics

General Stats
  • This quiz has been taken 352 times
  • The average score is 4 of 5
Answer Stats
Wins Team % Correct
105 Dallas Cowboys
91%
99 Pittsburgh Steelers
91%
104 Miami Dolphins
80%
100 Oakland Raiders
73%
99 Minnesota Vikings
69%
No matching quizzes found
Score Distribution
Percent of People with Each Score
Percentile by Number Answered
Your Score History
You have not taken this quiz